30 cidades mais populosas da Espanha - Statistics

Estatísticas Gerais
  • Esse quiz foi jogado 353 vezes
  • A pontuação média é 13 de 30
Estatísticas das Respostas
# População Letra Cidade % Correto
1 3.332.035 M Madri
100%
2 1.660.122 B Barcelona
99%
3 807.693 V Valência
96%
4 684.025 S Sevilha
86%
5 682.513 Z Zaragoza
75%
11 346.096 B Bilbao
72%
6 586.384 M Málaga
65%
14 293.652 V Vigo
63%
20 230.595 G Granada
56%
13 297.459 V Valladolid
50%
7 469.177 M Murcia
49%
12 323.763 C Córdoba
48%
18 247.376 L La Corunha
48%
9 378.027 L Las Palmas
47%
8 423.350 P Palma de Mallorca
45%
25 217.084 O Oviedo
41%
29 205.762 P Pamplona
39%
30 200.578 A Almería
35%
16 268.313 G Gijón
34%
10 349.282 A Alicante
33%
19 238.293 E Elche
24%
17 255.886 V Vitoria-Gasteiz
22%
24 218.050 C Cartagena
19%
26 213.231 J Jerez de la Frontera
17%
28 209.395 S Santa Cruz de Tenerife
17%
21 225.957 B Badalona
11%
15 274.455 H Hospitalet de Llobregat
9%
23 218.300 S Sabadell
9%
27 211.265 M Móstoles
7%
22 225.277 T Tarrasa
3%
Nenhum quiz correspondente encontrado
Distribuição das Pontuações
Porcentagem de Pessoas com Cada Pontuação
Percentil de Números Respondidos
Sua Pontuação Histórica
Você não jogou esse quiz